[Event "Latin Cup-A 6th"]
[Site "Buenos Aires"]
[Date "2015.03.23"]
[Round "7"]
[White "Nieva, Jose Luis"]
[Black "Inchausti, Pablo Ezequiel"]
[Result "1-0"]
[WhiteElo "1998"]
[BlackElo "2136"]
[PlyCount "85"]
[EventDate "2015.03.19"]
[EventType "swiss"]
[EventRounds "9"]
[EventCountry "ARG"]
[SourceTitle "CBM 165 Extra"]
[Source "ChessBase"]
[SourceDate "2015.04.21"]
[SourceVersion "1"]
[SourceVersionDate "2015.04.21"]
[SourceQuality "1"]

1. d4 Nf6 2. c4 g6 3. Nc3 Bg7 4. e4 d6 5. Be2 0-0 6. Bg5 Na6 7. Qd2 e5 8. d5 Qe8 9. f3 Nc5 10. Bd1 a5 11. Bc2 Bd7 12. Nge2 h5 13. h3 Nh7 14. Bh6 c6 15. Bxg7 Kxg7 16. dxc6 bxc6 17. Qxd6 Nb7 18. Qc7 Rb8 19. 0-0-0 Nf6 20. g4 Be6 21. Qxe5 Bxc4 22. Qd4 Bxe2 23. Nxe2 c5 24. Qc3 Qb5 25. Nf4 Qb4 26. Qe5 Rfe8 27. Nxh5+ gxh5 28. Qg5+ Kf8 29. Qxf6 Rbd8 30. Qh8+ Ke7 31. Qxh5 Rd4 32. Qe5+ Kf8 33. Rxd4 cxd4 34. Qh8+ Ke7 35. Qh4+ Kf8 36. Rd1 Rd8 37. e5 Qc4 38. Qh8+ Ke7 39. Qf6+ Ke8 40. Kb1 Nc5 41. Qc6+ Kf8 42. Bd3 Qb4 43. a3 1-0

[Event "ARG-chT"]
[Site "Villa Martelli"]
[Date "2014.10.04"]
[Round "6.2"]
[White "Remolcoy, Luciano"]
[Black "Inchausti, Pablo Ezequiel"]
[Result "0-1"]
[WhiteElo "1909"]
[BlackElo "2156"]
[PlyCount "78"]
[EventDate "2014.08.30"]
[EventType "team-tourn"]
[EventRounds "9"]
[EventCountry "ARG"]
[SourceTitle "EXT 2015"]
[Source "ChessBase"]
[SourceDate "2014.11.20"]
[SourceVersion "1"]
[SourceVersionDate "2014.11.20"]
[SourceQuality "1"]
[WhiteTeam "Ushuaia Jaque Mate"]
[BlackTeam "Tren Verde"]
[WhiteTeamCountry "ARG"]
[BlackTeamCountry "ARG"]

1. d4 Nf6 2. c4 g6 3. Nc3 Bg7 4. e4 d6 5. f4 0-0 6. Nf3 c5 7. d5 e6 8. dxe6 fxe6 9. Bd3 Nc6 10. 0-0 Nh5 11. Ng5 Nd4 12. Bd2 a6 13. a4 Rb8 14. Qg4 e5 15. f5 Nf6 16. Qd1 Qe8 17. g4 Bd7 18. Ra3 b6 19. Bb1 h6 20. Nh3 b5 21. axb5 axb5 22. cxb5 Nxb5 23. Nxb5 Bxb5 24. Re1 Bc6 25. Bc1 gxf5 26. gxf5 Qe7 27. Rg3 Kh7 28. Nf2 Rb4 29. Ng4 Nxg4 30. Qxg4 Rf6 31. Rh3 Kg8 32. Ba2+ d5 33. Bxh6 Rxb2 34. Ra1 c4 35. exd5 Bxd5 36. Qxg7+ Qxg7+ 37. Bxg7 Rg2+ 38. Kf1 Rxf5+ 39. Ke1 Rg1+ 0-1

[Event "ARG-chT"]
[Site "Villa Martelli"]
[Date "2014.09.27"]
[Round "5.2"]
[White "Inchausti, Pablo Ezequiel"]
[Black "Ruperez, Miguel Angel"]
[Result "1-0"]
[WhiteElo "2156"]
[BlackElo "2229"]
[PlyCount "99"]
[EventDate "2014.08.30"]
[EventType "team-tourn"]
[EventRounds "9"]
[EventCountry "ARG"]
[SourceTitle "EXT 2015"]
[Source "ChessBase"]
[SourceDate "2014.11.20"]
[SourceVersion "1"]
[SourceVersionDate "2014.11.20"]
[SourceQuality "1"]
[WhiteTeam "Tren Verde"]
[BlackTeam "Ventejedrez Plastigal"]
[WhiteTeamCountry "ARG"]
[BlackTeamCountry "ARG"]

1. d4 d5 2. c4 c6 3. Nf3 Nf6 4. e3 a6 5. Bd3 Bg4 6. Nbd2 e6 7. 0-0 Be7 8. b3 Nbd7 9. Qc2 Bh5 10. Bb2 Bg6 11. e4 dxe4 12. Nxe4 Nxe4 13. Bxe4 Nf6 14. Bxg6 hxg6 15. Rfe1 0-0 16. Rad1 Qa5 17. c5 Nd5 18. Ne5 Qc7 19. g3 Bf6 20. Nc4 Rfd8 21. Qe2 b5 22. cxb6 Nxb6 23. Rd2 a5 24. Rc1 a4 25. Rdc2 axb3 26. axb3 Bxd4 27. Bxd4 Rxd4 28. Ne5 Rd5 29. Nxc6 Qd6 30. b4 Ra3 31. h3 Rad3 32. Kh2 f6 33. Na7 Re5 34. Qf1 Ra3 35. Nb5 Qxb4 36. Nxa3 Qxa3 37. Rc3 Qa5 38. Qd3 Nd5 39. Rc5 Qa2 40. R5c2 Qa7 41. Qxg6 Nc3 42. Kg1 Rf5 43. Rxc3 Qxf2+ 44. Kh1 Rc5 45. Rxc5 Qf3+ 46. Kg1 Qe3+ 47. Kf1 Qf3+ 48. Ke1 Qe3+ 49. Kd1 Qg1+ 50. Ke2 1-0

[Event "Buenos Aires Superior FMDA"]
[Site "Buenos Aires"]
[Date "2014.03.24"]
[Round "4.3"]
[White "Villanueva, Mario Nicolas"]
[Black "Inchausti, Pablo Ezequiel"]
[Result "1-0"]
[WhiteElo "2410"]
[BlackElo "2122"]
[PlyCount "57"]
[EventDate "2014.03.19"]
[EventType "swiss"]
[EventRounds "6"]
[EventCountry "ARG"]
[SourceTitle "EXT 2024"]
[Source "ChessBase"]
[SourceDate "2023.10.10"]
[SourceVersion "1"]
[SourceVersionDate "2023.10.10"]
[SourceQuality "1"]

1. e4 d6 2. d4 Nf6 3. Nc3 Nbd7 4. Nf3 e5 5. Bc4 Be7 6. 0-0 0-0 7. Re1 c6 8. a4 b6 9. b3 a6 10. Bb2 Rb8 11. Bd3 Re8 12. Ne2 Bf8 13. Ng3 b5 14. axb5 axb5 15. Qd2 Qc7 16. Nf5 c5 17. dxe5 dxe5 18. Qg5 c4 19. bxc4 bxc4 20. Nh6+ Kh8 21. Nxf7+ Kg8 22. Nh6+ Kh8 23. Nxe5 Nxe5 24. Bxe5 Qe7 25. Bxc4 Rb4 26. Nf7+ Kg8 27. Bxf6 Qxf6 28. Qxf6 gxf6 29. Nd6+ 1-0

[Event "Buenos Aires Superior FMDA"]
[Site "Buenos Aires"]
[Date "2014.03.21"]
[Round "3.4"]
[White "Inchausti, Pablo Ezequiel"]
[Black "Signorini, Gustavo Daniel"]
[Result "1-0"]
[WhiteElo "2122"]
[BlackElo "2042"]
[PlyCount "57"]
[EventDate "2014.03.19"]
[EventType "swiss"]
[EventRounds "6"]
[EventCountry "ARG"]
[SourceTitle "EXT 2024"]
[Source "ChessBase"]
[SourceDate "2023.10.10"]
[SourceVersion "1"]
[SourceVersionDate "2023.10.10"]
[SourceQuality "1"]

1. d4 Nf6 2. Nf3 e6 3. c4 b6 4. a3 Be7 5. Nc3 Bb7 6. Qc2 d5 7. cxd5 exd5 8. Bf4 a6 9. g3 0-0 10. Bg2 Nbd7 11. 0-0 c5 12. Rad1 Rc8 13. Rfe1 cxd4 14. Nxd4 g6 15. Qb1 b5 16. Nc2 Nb6 17. e4 Qd7 18. exd5 Bd6 19. Bg5 Ne8 20. Ne4 f6 21. Bh6 Rf7 22. Ne3 Be5 23. f4 Bb8 24. f5 Ng7 25. fxg6 hxg6 26. Rf1 Be5 27. b4 Nxd5 28. Nxd5 Bxd5 29. Rxd5 1-0

[Event "Moron opJ"]
[Site "Moron"]
[Date "1992.??.??"]
[Round "7"]
[White "Bruno, Eduardo"]
[Black "Inchausti, Pablo Ezequiel"]
[Result "0-1"]
[WhiteElo "2030"]
[BlackElo "1970"]
[PlyCount "76"]
[EventDate "1992.??.??"]
[EventType "swiss"]
[EventRounds "7"]
[EventCountry "ARG"]
[SourceTitle "EXT 1998"]
[Source "ChessBase"]
[SourceDate "1997.11.17"]
[SourceVersion "1"]
[SourceVersionDate "1997.11.17"]
[SourceQuality "1"]

1. e4 e5 2. Nf3 Nc6 3. Bb5 a6 4. Ba4 Nf6 5. 0-0 Be7 6. Re1 b5 7. Bb3 d6 8. c3 0-0 9. d4 Bg4 10. d5 Na5 11. Bc2 c6 12. h3 Bh5 13. dxc6 Qc7 14. Nbd2 Qxc6 15. Nf1 Rfe8 16. Ng3 Bg6 17. Nh4 Rad8 18. Nhf5 Bf8 19. Bg5 Re6 20. Qf3 Nc4 21. b3 Nb6 22. h4 Rc8 23. Re3 d5 24. h5 Bxf5 25. exf5 e4 26. Qe2 Ree8 27. h6 d4 28. Bxf6 dxe3 29. Bxg7 exf2+ 30. Kh1 Bxg7 31. hxg7 Qh6+ 32. Nh5 Nd5 33. g4 Nf4 34. Qe3 Rxc3 35. Qxc3 Nxh5 36. gxh5 Qxh5+ 37. Kg2 e3 38. Qd3 Qg5+ 0-1

[Event "Moron opJ"]
[Site "Moron"]
[Date "1992.??.??"]
[Round "2"]
[White "Inchausti, Pablo Ezequiel"]
[Black "Luna, Mariano"]
[Result "1/2-1/2"]
[WhiteElo "1970"]
[BlackElo "1915"]
[PlyCount "131"]
[EventDate "1992.??.??"]
[EventType "swiss"]
[EventRounds "7"]
[EventCountry "ARG"]
[SourceTitle "EXT 1998"]
[Source "ChessBase"]
[SourceDate "1997.11.17"]
[SourceVersion "1"]
[SourceVersionDate "1997.11.17"]
[SourceQuality "1"]

1. e4 c6 2. Nc3 d5 3. Nf3 dxe4 4. Nxe4 Bf5 5. Ng3 Bg4 6. Bc4 e6 7. 0-0 Nf6 8. h3 Bxf3 9. Qxf3 Be7 10. c3 Nbd7 11. d4 0-0 12. Bg5 Nd5 13. Bxe7 Qxe7 14. Ne4 N7f6 15. Nc5 b6 16. Nd3 Rac8 17. Rfe1 Qd6 18. Bb3 Nd7 19. Rad1 Rfd8 20. Qe4 N5f6 21. Qh4 Nf8 22. Qg5 N6d7 23. Re2 c5 24. dxc5 Nxc5 25. Nxc5 Qxc5 26. Qxd8 Rxd8 27. Rxd8 g5 28. Red2 Qe5 29. Bc2 Kg7 30. g3 Ng6 31. Bxg6 hxg6 32. R8d7 a5 33. Kh2 Qe1 34. Kg2 e5 35. R2d6 Qe4+ 36. Kh2 Qe2 37. Rd2 Qe1 38. Kg2 e4 39. Kh2 e3 40. fxe3 Qxe3 41. Kg2 g4 42. h4 Qf3+ 43. Kh2 b5 44. R7d4 Qe3 45. Rg2 Qe5 46. a4 bxa4 47. Rxa4 Qf5 48. Rf4 Qc8 49. Ra4 Qf5 50. Rf4 Qc8 51. Rgf2 f5 52. Kg2 Qc6+ 53. Kg1 Kh6 54. Kh2 Qc5 55. Rc2 Qd5 56. Rd4 Qe5 57. b4 axb4 58. Rxb4 Qe8 59. Rf4 Qe1 60. Rcf2 Qa1 61. c4 Qa5 62. Kg2 Qe5 63. Rc2 Qc5 64. Rcf2 Qe3 65. Kh2 Qc5 66. Kg2 1/2-1/2